Zákon o ochrane vkladov

Znenie zákona NR SR č. 118 z 20.3.1996 o ochrane vkladov a o zmene a doplnení niektorých zákonov. Ochrana vkladov fyzických osôb uložených v bankách a pobočkách zahraničných bánk a poskytovanie náhrad za tieto vklady, ak sa stanú nedostupnými.

Salvato in:
Dettagli Bibliografici
Natura: Capitolo di libro
Lingua:slovacco
Soggetti:
Tags: Aggiungi Tag
Nessun Tag, puoi essere il primo ad aggiungerne!!

MARC

LEADER 00000naa a2200000 4500
001 r022467
005 20230921075322.6
041 0 |a slo 
044 |a SK 
245 1 0 |a Zákon o ochrane vkladov 
520 |a Znenie zákona NR SR č. 118 z 20.3.1996 o ochrane vkladov a o zmene a doplnení niektorých zákonov. Ochrana vkladov fyzických osôb uložených v bankách a pobočkách zahraničných bánk a poskytovanie náhrad za tieto vklady, ak sa stanú nedostupnými. 
610 2 0 |a Slovensko 
610 2 0 |a zákony 
610 2 0 |a banky 
610 2 0 |a vklady 
610 2 0 |a ochrana vkladov 
610 2 0 |a osoby fyzické 
610 2 0 |a likvidita 
610 2 0 |a 1996